00353nam a2200121Ia 4500008004100000082001100041245004400052250000600096260003300102300000800135630004400143730004400187090124s9999 xx 000 0 und d b134815 a माझे जीवन गाणे a1 bपै शिरीषc2007 a271 a माझे जीवन गाणे a माझे जीवन गाणे